[Event "chT-SLO"]
[Site "Bled SLO"]
[Date "2000.10.16"]
[Round "3"]
[White "Jeric,S"]
[Black "Hulak,K"]
[Result "0-1"]
[WhiteElo "2333"]
[BlackElo "2510"]

1.e4 c5 2.c3 Nf6 3.e5 Nd5 4.d4 cxd4 5.Nf3 Nc6 6.Bc4 e6 7.cxd4 d6 8.O-O Be7
9.Re1 O-O 10.Nc3 dxe5 11.Nxe5 Nxe5 12.Bxd5 exd5 13.dxe5 d4 14.Nb5 d3 15.Bf4 Bf5
16.Nd6 Bf6 17.Qb3 b6 18.Rad1 Bg5 19.Bg3 d2 20.Re2 Qc7 21.Ne4 Qc6 22.f3 Rac8
23.h4 Bh6 24.Kh2 Rfd8 25.Nd6 Rxd6 26.exd6 Bc2 27.Qxc2 Qxc2 28.d7 Rf8 29.Re8 Qd3
30.d8=Q Qxd8 31.Rxd8 Rxd8 32.f4 Rd3 33.b3 f5 34.h5 Kf7 35.Bf2 Bxf4+ 36.Kg1 Ke6
37.Kf1 Kd5 38.Ke2 Ke4  0-1

[Event "chT-SLO"]
[Site "Bled SLO"]
[Date "2000.10.17"]
[Round "4"]
[White "Lazar,Ales ml"]
[Black "Podkriznik,G"]
[Result "1/2-1/2"]
[WhiteElo "2126"]
[BlackElo "2341"]

1.e4 c5 2.c3 Nf6 3.e5 Nd5 4.d4 cxd4 5.Nf3 e6 6.cxd4 d6 7.Nc3 Nxc3 8.bxc3 Qc7
9.Bd2 Nd7 10.exd6 Bxd6 11.Bd3 O-O 12.O-O b6 13.Re1 Bb7 14.Be4 Rac8 15.Qb3 Nf6
16.Bxb7 Qxb7 17.c4 Rc7 18.Rac1 Rfc8 19.Qb5 h6 20.a4 Qc6 21.Qb3 Qd7 22.h3 Rc6
23.Rc2 Qc7 24.Rec1 Ne4 25.Be3 Qe7 26.Qd3 Nf6 27.Nd2 Bb4 28.Ne4 Nxe4 29.Qxe4 Ba3
30.Ra1 Bb4 31.Qd3 Qc7 32.Rac1 Be7 33.Qb3 Bf6 34.Qb5 Rd8 35.Rd2 Rd5 36.Qb3 Rd8
37.Qb5 Rc8 38.Rdc2 Qd8 39.Rd2 Qe7 40.Rd3 Qc7 41.Rdc3 Qb7 42.R3c2 Rd6 43.Rd2 Qe4
44.Rcd1 Rcd8 45.d5 Bg5 46.Bxg5 hxg5 47.Rd4 Qe5 48.a5 g6 49.Qa6 R8d7 50.axb6 axb6
51.Qa2 Kg7 52.R4d3  1/2-1/2

[Event "chT-SLO"]
[Site "Bled SLO"]
[Date "2000.10.18"]
[Round "5"]
[White "Maslesa,B"]
[Black "Hulak,K"]
[Result "0-1"]
[WhiteElo "2261"]
[BlackElo "2510"]

1.e4 c5 2.c3 Nf6 3.d3 Nc6 4.g3 g6 5.Bg2 Bg7 6.Nf3 d6 7.O-O O-O 8.Re1 Qc7
9.h3 Rd8 10.Be3 b6 11.Nbd2 Bb7 12.Rc1 Rac8 13.d4 e6 14.Nh2 Ne7 15.f4 cxd4
16.cxd4 Qd7 17.Ng4 Nh5 18.Rxc8 Rxc8 19.Kh2 Qc6 20.Nb3 Qc2 21.Nf2 Qxb2 22.Re2 Qc3
23.g4 Nf6 24.e5 Bxg2 25.exf6 Nd5 26.Bd2 Qf3 27.fxg7 Nc3 28.Qg1 Nxe2 29.Qxg2 Qxg2+
30.Kxg2 Rc2 31.Bb4 Nxf4+ 32.Kf3 Rxf2+  0-1

[Event "chT-SLO"]
[Site "Bled SLO"]
[Date "2000.10.18"]
[Round "5"]
[White "Kos,T"]
[Black "Supancic,D"]
[Result "0-1"]
[WhiteElo "2400"]
[BlackElo "2385"]

1.e4 c5 2.c3 Nf6 3.e5 Nd5 4.d4 cxd4 5.Nf3 e6 6.cxd4 b6 7.Nc3 Nxc3 8.bxc3 Qc7
9.Bd2 Be7 10.Bd3 Ba6 11.Bxa6 Nxa6 12.Qe2 Nb8 13.O-O d5 14.exd6 Qxd6 15.Ne5 O-O
16.f4 Nd7 17.Rae1 Bf6 18.Rf3 g6 19.Bc1 Bg7 20.Rh3 Rac8 21.Qf2 Qe7 22.c4 Nxe5
23.fxe5 Rfd8 24.Rf1 Rxc4 25.Rf3 Rd7 26.Ba3 Qe8 27.Rf4 Bf8 28.Bxf8 Qxf8 29.h4 Rdc7
30.Qe3 Rc3 31.Qe4 Rc1 32.h5 Rxf1+ 33.Rxf1 Rd7 34.Rf4 Rd5 35.hxg6 hxg6 36.Rh4 Rd8
37.Qb7 Qb4 38.Qe4 Qd2 39.Rg4 Kg7 40.Rf4 Qd1+ 41.Kh2 Rh8+ 42.Kg3 Rh5 43.Qc6 Qe1+
44.Kf3 Rg5 45.Rxf7+ Kh6 46.Qxe6 Rg3+  0-1

[Event "Tch-AUT 2000-01"]
[Site "Maierhofen/Zillertal AUT"]
[Date "2000.10.21"]
[Round "1"]
[White "Raubal,M"]
[Black "Wittmann,W"]
[Result "1/2-1/2"]
[WhiteElo "2205"]
[BlackElo "2369"]

1.e4 c5 2.c3 Nf6 3.e5 Nd5 4.d4 cxd4 5.Nf3 e6 6.cxd4 d6 7.Bd3 Nb4 8.Bb5+ Bd7
9.Bxd7+ Qxd7 10.O-O N8c6 11.a3 Nd5 12.Qe2 Be7 13.exd6 Bxd6 14.Nc3 Nxc3 15.bxc3 O-O
16.Rb1 Qe7 17.a4 h6 18.Re1 b6 19.Rb5 Rae8 20.Rh5 f5 21.Nh4 Qf6 22.Qf3 Ne7
23.g3 g5 24.Ng2 Rf7 25.h4 Rg7 26.hxg5 hxg5 27.Rh8+ Kf7  1/2-1/2

[Event "IV Copa Itau"]
[Site "Sao Paulo BRA"]
[Date "2000.10.22"]
[Round "7"]
[White "Caldeira,A"]
[Black "Vescovi,G"]
[Result "0-1"]
[WhiteElo "2304"]
[BlackElo "2526"]

1.e4 c5 2.c3 Nf6 3.e5 Nd5 4.d4 cxd4 5.cxd4 d6 6.Nf3 e6 7.Nc3 Nxc3 8.bxc3 Qc7
9.Bd2 Nd7 10.Bd3 dxe5 11.O-O g6 12.Ng5 Bg7 13.Qf3 O-O 14.Qh3 Nf6 15.Rfe1 h6
16.Nf3 exd4 17.Ne5 dxc3 18.Bxh6 Nh5 19.Bxg7 Kxg7 20.Qg4 Nf6 21.Qg5 Nh7 22.Qg4 Rg8
23.Bxg6 fxg6 24.Qxg6+ Kf8 25.Qe4 Ng5 26.Qf4+ Ke8 27.Re3 c2 28.Rc1 Qd6 29.Qg4 Qd2
30.Qh5+ Ke7 31.Ree1 Bd7 32.f4 Qxf4 33.Ng6+ Rxg6 34.Qxg6 Rf8 35.Rxc2 Bc6 36.Rce2 Qd4+
37.Kh1 Ne4 38.h3 Rf5 39.Re3 Kd6 40.Kh2 Qe5+ 41.Kg1 Qd4 42.Kh2 Qe5+ 43.Kg1 Rg5
44.Rd1+ Kc5 45.Qf7 Rxg2+ 46.Kxg2 Ng5+ 47.Kf1 Qxe3 48.Qe7+ Kc4 49.a3 Qxh3+
50.Ke1 Qg3+ 51.Ke2 Qg2+ 52.Ke3 Qf3+ 53.Kd2 Ne4+ 54.Kc2 Ba4+ 55.Kb2 Qb3+  0-1

[Event "22nd Open"]
[Site "Arco ITA"]
[Date "2000.10.23"]
[Round "3"]
[White "Di Lazzaro,G"]
[Black "Haldemann,P"]
[Result "0-1"]
[WhiteElo "2015"]
[BlackElo "2231"]

1.e4 c5 2.c3 Nf6 3.e5 Nd5 4.d4 cxd4 5.Nf3 e6 6.cxd4 d6 7.a3 Nc6 8.Bd3 g6
9.O-O Bg7 10.Re1 O-O 11.Nc3 Nxc3 12.bxc3 dxe5 13.dxe5 Qa5 14.Qe2 Qc7 15.Bg5 b6
16.Qe3 Bb7 17.Bh6 Rfd8 18.Be4 Ne7 19.Bxb7 Qxb7 20.Bxg7 Kxg7 21.Qg5 Rac8 22.Nd2 Nd5
23.c4 h6 24.Qg3 Ne7 25.Qf4 Nf5 26.g4 g5 27.Qf3 Qxf3 28.Nxf3 Nd4 29.Nxd4 Rxd4
30.f3 Rcxc4 31.Ra2 Rc3 32.Rf1 Rdd3 33.Kg2 Rxa3 34.Rxa3 Rxa3 35.Rc1 Ra5 36.Rc7 a6
37.Rc6 b5 38.Rb6 Ra4 39.Kg3 b4 40.h4 a5  0-1

[Event "It"]
[Site "Alushta UKR"]
[Date "2000.10.26"]
[Round "12"]
[White "Kalygin,S"]
[Black "Ragozin,E"]
[Result "1-0"]
[WhiteElo "2472"]
[BlackElo "2489"]

1.e4 c5 2.c3 Nf6 3.e5 Nd5 4.d4 cxd4 5.Nf3 Nc6 6.Bc4 Nb6 7.Bb3 d5 8.exd6 Qxd6
9.O-O Be6 10.Bxe6 Qxe6 11.Nxd4 Nxd4 12.Qxd4 Rd8 13.Qh4 a6 14.Nd2 h5 15.Nf3 f6
16.Qb4 Rd6 17.Re1 Qd5 18.Be3 Qc4 19.Bc5 Rc6 20.Bxe7 Qxb4 21.Bxb4+ Kf7 22.Nd4 Rc8
23.Bxf8 Rhxf8 24.Nf5 Rc7 25.Rad1 Nc8 26.f4 Re8 27.Rxe8 Kxe8 28.Kf2 b6 29.Nd6+ Ke7
30.Nxc8+ Rxc8 31.Rd4 b5 32.Kf3 Rc5 33.Re4+ Kf7 34.Ke3 Rc8 35.a4 h4 36.axb5 axb5
37.Rb4 Rc5 38.Kd4 Rf5 39.Ke4 Rc5 40.Rd4 Ke6 41.g3 hxg3 42.hxg3 Rh5 43.Rd8 Rh3
44.Kf3 Rh5 45.Rb8 Rc5 46.Rb6+ Ke7 47.Rb7+ Ke6 48.Ke4 g5 49.f5+ Kd6 50.Rb6+ Ke7
51.g4 Rc4+ 52.Kd5 Rxg4 53.Rxb5 Ra4 54.c4 g4 55.Rb7+ Kf8 56.Rb3 Ra2 57.c5 g3
58.c6 Ke7 59.Rb7+ Kd8 60.Kd6 Kc8 61.Rg7 Kb8 62.Rg8+  1-0

[Event "4th OIBM"]
[Site "Bad Wiessee GER"]
[Date "2000.10.28"]
[Round "1"]
[White "Junginger,A"]
[Black "Savchenko,S"]
[Result "0-1"]
[WhiteElo "2050"]
[BlackElo "2579"]

1.e4 c5 2.c3 Nf6 3.e5 Nd5 4.d4 cxd4 5.cxd4 d6 6.Nf3 Nc6 7.Bc4 Nb6 8.Bb5 dxe5
9.Nxe5 Bd7 10.Nxd7 Qxd7 11.Nc3 e6 12.O-O Be7 13.Be3 O-O 14.Qd2 Rfd8 15.Rfd1 a6
16.Bxc6 Qxc6 17.Rac1 Qd7 18.Ne4 Qd5 19.Nc5 Qf5 20.Qc2 Qxc2 21.Rxc2 Rac8 22.Rdc1 Kf8
23.Kf1 Ke8 24.Ne4 Rxc2 25.Rxc2 Nd5 26.a3 Kd7 27.Ke2 f5 28.Nc5+ Bxc5 29.dxc5 Kc6
30.b4 e5 31.Bd2 Nc7 32.Bc3 Nb5 33.Bb2 Nd4+ 34.Bxd4 Rxd4 35.Rd2 Rxd2+ 36.Kxd2 Kd5
37.Kd3 e4+ 38.Ke3 g5 39.g3 Ke5 40.g4 f4+ 41.Kd2 Kd4 42.h3 Kc4  0-1

[Event "34th Olympiad"]
[Site "Istanbul TUR"]
[Date "2000.10.29"]
[Round "2"]
[White "Estrada Nieto,J"]
[Black "Kulaots,K"]
[Result "1/2-1/2"]
[WhiteElo "2397"]
[BlackElo "2491"]

1.e4 c5 2.c3 Nf6 3.e5 Nd5 4.Nf3 Nc6 5.d4 cxd4 6.cxd4 d6 7.Bc4 Nb6 8.Bb5 dxe5
9.Nxe5 Qd7 10.Nc3 e6 11.Qg4 a6 12.Bxc6 Qxc6 13.O-O Nd5 14.Be3 Nf6 15.Qe2 Be7
16.Rfd1 O-O 17.Rac1 Qd7 18.Nd5  1/2-1/2

[Event "34th Olympiad"]
[Site "Istanbul TUR"]
[Date "2000.10.30"]
[Round "3"]
[White "Slapikas,V"]
[Black "Sturua,Z"]
[Result "1-0"]
[WhiteElo "2430"]
[BlackElo "2594"]

1.e4 c5 2.c3 Nf6 3.e5 Nd5 4.d4 cxd4 5.Qxd4 e6 6.Bc4 Nc6 7.Qe4 f5 8.Qe2 Nde7
9.Nf3 Ng6 10.O-O Qc7 11.Re1 Be7 12.a4 O-O 13.Na3 a6 14.b4 b6 15.Bb3 Bb7 16.Nc4 b5
17.axb5 axb5 18.Rxa8 Bxa8 19.Nd6 Ncxe5 20.Nxe5 Nxe5 21.Nxb5 Qc6 22.f3 Nf7
23.Bd2 Bf6 24.c4 Bb7 25.Be3 Ra8 26.Rd1 Qc8 27.Qd2 Be7 28.Na7 Qb8 29.Qxd7 Bxb4
30.Qxe6 f4 31.Rd7 Qe8 32.Qxe8+ Rxe8 33.Bf2 Rd8 34.Rxb7  1-0

[Event "34th Olympiad"]
[Site "Istanbul TUR"]
[Date "2000.10.30"]
[Round "3"]
[White "Ghaem Maghami,E"]
[Black "Milos,G"]
[Result "0-1"]
[WhiteElo "2488"]
[BlackElo "2633"]

1.e4 c5 2.c3 Nf6 3.e5 Nd5 4.d4 cxd4 5.Nf3 e6 6.cxd4 d6 7.Bc4 Nc6 8.Qe2 Be7
9.O-O O-O 10.Nc3 Nxc3 11.bxc3 dxe5 12.dxe5 Qa5 13.Rb1 Qxc3 14.Rb3 Qa5 15.Qe4 Rd8
16.Bg5 h6 17.Bc1 Qa4 18.Qe2 a6 19.Re3 Nd4 20.Nxd4 Rxd4 21.Bb3 Qb5 22.Qh5 Bd7
23.Rf3 Be8 24.a4 Qe2 25.Bxe6 Rd1 26.Bxf7+ Kh8  0-1

[Event "34th Olympiad Women"]
[Site "Istanbul TUR"]
[Date "2000.10.30"]
[Round "3"]
[White "Shukurova,M"]
[Black "Khurtsidze,N"]
[Result "0-1"]
[WhiteElo "2255"]
[BlackElo "2418"]

1.e4 c5 2.c3 Nf6 3.e5 Nd5 4.d4 cxd4 5.Nf3 e6 6.cxd4 b6 7.Nc3 Nxc3 8.bxc3 Qc7
9.Bd2 d6 10.Bd3 Nd7 11.exd6 Bxd6 12.Qe2 Bb7 13.O-O O-O 14.h3 Rfe8 15.Ng5 Nf6
16.f4 h6 17.Ne4 Nxe4 18.Bxe4 Bxe4 19.Qxe4 f5 20.Qe2 Rac8 21.a4 Qc6 22.Rfe1 Qd5
23.Qh5 Kh7 24.Reb1 Re7 25.Rb5 Qe4 26.Re1 Qc2 27.Qd1 Qa2 28.Rb1 Qc4 29.Qb3 Kg8
30.Qb5 Kf7 31.Ra1 Rb7 32.Reb1 Ke7 33.Qb2 Rc6 34.Qc1 a6 35.Qe1 Kf7 36.Qh4 Re7
37.Qh5+ Kg8 38.Kf2 Bc7 39.Qe2 Rd7 40.Rb4 Qxe2+ 41.Kxe2 Bd8 42.Kd3 Rdc7 43.Rab1 Rc8
44.Rc1 a5 45.Rb3 Rc4 46.Ra1 Kf7 47.Rb5 g6 48.Rb2 Ke7 49.Rb5 Kd6 50.Rb3 Kd7
51.Rb5 Kd6 52.Rb3 R8c6 53.Rb5 Kc7 54.Re5 Bf6 55.Rb5 g5 56.g3 Kb7 57.Rbb1 Kc7
58.Rb5 Bd8 59.Rb3 Kd7 60.Rbb1 Ke8 61.Rb5 Kf7 62.Rbb1 Kg6 63.Re1 Kf7 64.Reb1 Rc8
65.Rc1 R4c6 66.c4 Bf6 67.Be3 Rd8 68.Kc3 gxf4 69.gxf4 Rg8 70.Rg1 Rgc8 71.Kd3 Rxc4
72.Rgc1 Rxc1 73.Rxc1 Rxc1 74.Bxc1 Kg6 75.Be3 Bd8 76.Ke2 Bc7 77.Kf3 Kh5 78.Kg3 Bd8
79.Kg2 Bf6 80.Kf3 Bd8 81.Kg2 Bc7 82.Kf3 Kh4 83.Kg2 b5 84.axb5 a4 85.d5 exd5
86.b6 Bd6 87.b7 Bb8 88.Bd4 a3 89.Bf6+ Kh5 90.Kf3 a2 91.Ke3 Kg6 92.Bb2 Kf7
93.Kd4 Ke6 94.Kc3 Bxf4 95.Kb3 Kd7 96.Kxa2 Kc7 97.Kb3 Kxb7 98.Bg7 Kc6 99.Kc3 Kd6
100.Kd3 h5 101.Kd4 Ke6 102.Bh8 Bg5  0-1

[Event "34th Olympiad"]
[Site "Istanbul TUR"]
[Date "2000.10.31"]
[Round "4"]
[White "Handoko,E"]
[Black "Klovans,J"]
[Result "1/2-1/2"]
[WhiteElo "2435"]
[BlackElo "2481"]

1.e4 c5 2.c3 Nf6 3.e5 Nd5 4.d4 cxd4 5.Nf3 Nc6 6.Bc4 Nb6 7.Bb3 g6 8.Ng5 d5
9.exd6 e6 10.Qf3 Ne5 11.Qe2 Bg7 12.Ne4 h6 13.Bf4 d3 14.Bxe5 dxe2 15.Bxg7 f5
16.Bf6 Qd7 17.Bxh8 fxe4 18.Nd2 Qxd6 19.Nxe4 Qd3 20.f3 Bd7 21.Bd4 Nd5 22.Kf2 Bb5
23.Rhe1 O-O-O 24.a4 Ba6 25.Nc5 Qf5 26.Nxa6 bxa6 27.Rxe2 Nf4 28.Re4 e5 29.Be3 Nd5
30.Rc4+ Kb7 31.Bxh6 Nf4 32.Bxf4 exf4 33.Rd1 Rxd1 34.Bxd1 Qd3 35.Rd4 Qe3+
36.Kf1 a5 37.g3 fxg3 38.hxg3 Qc1 39.Ke2 Qxb2+ 40.Kd3 Qb1+ 41.Kd2 g5 42.f4 gxf4
43.gxf4 Kc6 44.Bc2 Qg1 45.Bd3 Qf2+ 46.Kc1 Kc5 47.Bc2 Qg1+ 48.Kb2 Qh2 49.f5 Qb8+
50.Bb3 Qh2+ 51.Ka3 Qh1 52.Rd5+ Kb6 53.Kb2 Qg2+ 54.Kc1 Qf1+ 55.Kb2 Qg2+ 56.Ka3 Qh1  1/2-1/2

[Event "Chigorin Mem"]
[Site "St Petersburg RUS"]
[Date "2000.10.31"]
[Round "1"]
[White "Potkin,V"]
[Black "Borisova,E"]
[Result "1-0"]
[WhiteElo "2420"]
[BlackElo "2168"]

1.e4 c5 2.c3 Nf6 3.e5 Nd5 4.d4 cxd4 5.Nf3 Nc6 6.cxd4 d6 7.Bc4 e6 8.O-O Nb6
9.Bd3 Nb4 10.Be2 Be7 11.Nc3 O-O 12.a3 N4d5 13.Ne4 f5 14.exf6 Nxf6 15.Bd3 Bd7
16.Qe2 Nbd5 17.Nxf6+ Bxf6 18.Qe4 g6 19.h4 Bg7 20.Bg5 Qe8 21.Rfe1 h6 22.Bd2 Rf6
23.Nh2 h5 24.Bg5 Rf5 25.Nf1 Bf6 26.Bd2 Bg7 27.Ng3 Rf8 28.Nxh5 Nf6 29.Nxf6+ Bxf6
30.Bb4 Bc6 31.Qg4 Rd8 32.Bxg6 Qe7 33.Rxe6 Qg7 34.Rxd6 a5 35.Rxd8 Rxd8 36.Bxa5 Rxd4
37.Qe6+ Kh8 38.Qc8+ Qg8 39.Qxg8+ Kxg8 40.h5 Rg4 41.g3 Bd4 42.Bc7 Bxb2 43.Rb1 Bxa3
44.Bf4  1-0

[Event "Chigorin Mem"]
[Site "St Petersburg RUS"]
[Date "2000.10.31"]
[Round "1"]
[White "Sveshnikov,E"]
[Black "Shvedov,S"]
[Result "1-0"]
[WhiteElo "2555"]
[BlackElo "2363"]

1.e4 c5 2.c3 Nf6 3.e5 Nd5 4.Nf3 e6 5.Bc4 Nb6 6.Bb3 d5 7.d4 Be7 8.O-O Nc6
9.Re1 cxd4 10.cxd4 Bd7 11.Nc3 a6 12.a3 Na7 13.Ne2 Nc4 14.Bc2 Qb6 15.Ra2 h6
16.Ng3 O-O-O 17.Nh5 Bf8 18.h3 Kb8 19.Nf4 Rc8 20.b3 Na5 21.b4 Nc4 22.Nd3 Nb5
23.Nc5 Qd8 24.Qd3 b6 25.Nxa6+ Ka7 26.Nc5 bxc5 27.dxc5 Nc7 28.Be3 Nxe3 29.Qxe3 Kb7
30.a4 Na6 31.Rb1 Be7 32.Nd4 Ka8 33.c6 Bxc6 34.Nxc6 Rxc6 35.b5 Bc5 36.Qe2 Rb6
37.a5 Rb8 38.bxa6 Rxb1+ 39.Bxb1 Qc7 40.Rb2 Rb8 41.Rxb8+ Qxb8 42.Bh7 Ka7 43.g3 Bd4
44.Kg2 Qxe5 45.Qb5 Qc7 46.Bg8 Bc3 47.Bxf7 d4 48.Bxe6 Bxa5 49.Bc4 Bb6 50.Qd5 Qe7
51.h4 Qc7 52.Bd3 Qe7 53.Qc6 Qf7 54.Kh3 Qc7 55.Qxc7+ Bxc7 56.Kg4 Kb6 57.Kf5  1-0

[Event "34th Olympiad"]
[Site "Istanbul TUR"]
[Date "2000.11.01"]
[Round "5"]
[White "Slapikas,V"]
[Black "Cosma,I"]
[Result "1-0"]
[WhiteElo "2430"]
[BlackElo "2460"]

1.e4 c5 2.c3 Nf6 3.e5 Nd5 4.d4 cxd4 5.Qxd4 e6 6.Bc4 Nc6 7.Qe4 Nde7 8.Nf3 Ng6
9.O-O Qc7 10.Re1 b6 11.Bd3 Bb7 12.Qe2 d6 13.exd6 Bxd6 14.a4 O-O-O 15.Ba6 Kb8
16.Bxb7 Qxb7 17.b4 Nge5 18.Nxe5 Nxe5 19.a5 Nd3 20.Rd1 Nxc1 21.Rxc1 Bf4 22.Rf1 Bc7
23.axb6 Bxb6 24.c4 Bd4 25.Ra5 Ka8 26.Na3 Bb6 27.Ra4 Rd4 28.Nb5 Re4 29.Qa2 Qd7
30.Nc3 Rg4 31.c5 Qb7 32.g3 Bc7 33.Nb5 Bb8 34.Nxa7 Bxa7 35.Ra1  1-0

[Event "34th Olympiad"]
[Site "Istanbul TUR"]
[Date "2000.11.01"]
[Round "5"]
[White "Handoko,E"]
[Black "Lesiege,A"]
[Result "1/2-1/2"]
[WhiteElo "2435"]
[BlackElo "2584"]

1.e4 c5 2.c3 Nf6 3.e5 Nd5 4.d4 cxd4 5.Nf3 Nc6 6.cxd4 d6 7.Bc4 Nb6 8.Bb5 dxe5
9.Bxc6+ bxc6 10.Nxe5 Ba6 11.Nc3 e6 12.Qf3 Qc7 13.Qxc6+ Qxc6 14.Nxc6 Bb7 15.d5 exd5
16.Nd4 Ba6 17.Bd2 Rc8 18.O-O-O Bc5 19.Rhe1+ Kd7 20.Bf4 Bb4 21.Kc2 Rc4 22.Bc1 Rhc8
23.Ne2 R4c6 24.Kb1 Re6 25.Be3 Bxe2 26.Rxe2 Bxc3 27.bxc3 Rxc3 28.Red2 f6 29.Bxb6 Rxb6+
30.Ka1 Ke6 31.Rxd5 Rc2 32.f4 f5 33.R5d2 Rxd2 34.Rxd2 Kf6 35.Rd7 a6 36.a3 h6
37.Ka2 g5 38.Rd4 Kg6 39.a4 gxf4 40.Rxf4 Kg5 41.g3 h5 42.Rd4 Re6 43.Kb3 Re4
44.Rd6 a5 45.h4+ Kg4 46.Rg6+ Kh3 47.Rg5 Rb4+ 48.Kc3 Rxa4  1/2-1/2

[Event "34th Olympiad Women"]
[Site "Istanbul TUR"]
[Date "2000.11.02"]
[Round "6"]
[White "Leite,C"]
[Black "Ostry,I"]
[Result "1/2-1/2"]
[WhiteElo "2089"]
[BlackElo "2238"]

1.e4 c5 2.c3 Nf6 3.e5 Nd5 4.d4 cxd4 5.Nf3 Nc6 6.cxd4 d6 7.exd6 Qxd6 8.Nc3 e6
9.Bc4 Nxc3 10.bxc3 Be7 11.O-O O-O 12.Qe2 Bf6 13.Ng5 Bxg5 14.Bxg5 h6 15.Be3 Ne7
16.Bd3 Bd7 17.c4 Bc6 18.Rfd1 f5 19.f3 Ba4 20.Bc2 Bxc2 21.Qxc2 Rac8 22.Qe2 Qa6
23.Rac1 Rfe8 24.Rc2 Ng6 25.Qd3 Ne7 26.Bf2 Nc6 27.a3 Red8 28.Qe2 Na5 29.Rdc1 Re8
30.Qd3 Rcd8 31.Qc3 Rd7 32.Qb4 Nc6 33.Qc3 Qa5 34.Qxa5 Nxa5 35.Rb2 Nc6 36.d5 exd5
37.cxd5 Ne5 38.Re1 Kf7 39.Rbe2 Rde7 40.Kf1 b6 41.d6 Re6 42.Rc2 Rxd6 43.Bg3 Rde6
44.Rc7+ Kf8 45.Rxe5 Rxe5 46.Bxe5 Rxe5  1/2-1/2

[Event "34th Olympiad"]
[Site "Istanbul TUR"]
[Date "2000.11.02"]
[Round "6"]
[White "Sequera,J"]
[Black "Vanderstricht,G"]
[Result "1-0"]
[WhiteElo "2357"]
[BlackElo "2369"]

1.e4 c5 2.c3 Nf6 3.e5 Nd5 4.d4 cxd4 5.cxd4 e6 6.Nf3 b6 7.Nc3 Nxc3 8.bxc3 Qc7
9.Bd2 Bb7 10.Bd3 d6 11.O-O Nd7 12.Ng5 dxe5 13.Qh5 g6 14.Qh3 Bg7 15.Rae1 Qd6
16.f4 e4 17.Bxe4 Bxe4 18.Nxe4 Qe7 19.f5 gxf5 20.Rxf5 O-O 21.Rh5 f6 22.Rxh7 f5
23.Bh6 Bxd4+ 24.cxd4 Qxh7 25.Qg3+ Kh8 26.Bxf8 Rxf8 27.Ng5 Qh5 28.Rxe6 Qd1+
29.Re1 Qxd4+ 30.Kh1 Qg4 31.Qc3+ Nf6 32.Ne6 Rf7 33.h3 Qh4 34.Rf1 Qh5 35.g4 fxg4
36.Rxf6 Qd5+ 37.Kg1 Qd1+ 38.Rf1+  1-0

[Event "34th Olympiad"]
[Site "Istanbul TUR"]
[Date "2000.11.02"]
[Round "6"]
[White "Estrada Nieto,J"]
[Black "Degraeve,JM"]
[Result "0-1"]
[WhiteElo "2397"]
[BlackElo "2540"]

1.e4 c5 2.c3 Nf6 3.e5 Nd5 4.Nf3 b6 5.Bc4 Bb7 6.O-O e6 7.d4 cxd4 8.Nxd4 Qc7
9.Qe2 a6 10.Re1 Nc6 11.Nf3 Nce7 12.Bd3 Ng6 13.g3 Be7 14.a3 b5 15.a4 O-O 16.axb5 axb5
17.Rxa8 Bxa8 18.Be4 Rb8 19.h4 d6 20.Na3 dxe5 21.Nxb5 Qb7 22.h5 Nf8 23.Nxe5 f6
24.Nf3 f5 25.Bd3 Bc5 26.Kh2 Nf6 27.Bf4 Rd8 28.b4 Bxf2 29.Rf1 Qxf3 30.Qxf3 Bxf3
31.Rxf2 Ng4+ 32.Kg1 Nxf2 33.Kxf2 Rxd3 34.c4 Nd7 35.c5 Nf6 36.Nc7 Ng4+  0-1

[Event "34th Olympiad"]
[Site "Istanbul TUR"]
[Date "2000.11.02"]
[Round "6"]
[White "Pavasovic,D"]
[Black "Nguyen Anh Dung"]
[Result "1-0"]
[WhiteElo "2523"]
[BlackElo "2487"]

1.e4 c5 2.c3 Nf6 3.e5 Nd5 4.Nf3 Nc6 5.Bc4 Nb6 6.Bb3 d5 7.exd6 Qxd6 8.O-O Bf5
9.d4 cxd4 10.Nxd4 Nxd4 11.cxd4 e6 12.Nc3 Be7 13.Qf3 O-O 14.d5 Rad8 15.Re1 Qb4
16.dxe6 Bxe6 17.Qxb7 Rd7 18.Qe4 Bxb3 19.Qxb4 Bxb4 20.axb3 h6 21.Be3 Rb8 22.Red1 a5
23.g3 Rdb7 24.Ne4 Nd7 25.Nd6 Bxd6 26.Rxd6 Nf6 27.Rxa5 Rxb3 28.Bd4 Ne4 29.Rd7 Ng5
30.Kg2 Rd3 31.Raa7 Rc8 32.Be5 Rxd7 33.Rxd7 Rc2 34.b4 Re2 35.Bd4 Rd2 36.Rd6 Kh7
37.Be5 Re2 38.Rd5 f6 39.Bf4 Rb2 40.Rb5 Ne4 41.Be3 Nd6 42.Rb8 Kg6 43.Bd4 Rb3
44.Bc5 Ne4 45.Be3 Nc3 46.Bd4 Kf5 47.Rb7 Kg6 48.Bc5 Ne4 49.Bf8 Rb2 50.Rxg7+ Kf5
51.Bc5 Nxc5 52.bxc5 Rc2 53.Rh7 Kg6 54.Rc7 h5 55.Kf3 Kf5 56.Rc8 Rc3+ 57.Kg2 h4
58.gxh4 Rc4 59.c6 Rxh4 60.c7 Rh7 61.Kf3 Rh3+ 62.Ke2 Rh7 63.Ke3 Re7+ 64.Kd4 Ke6
65.Kc5 Kd7 66.Ra8  1-0

[Event "Chigorin Mem"]
[Site "St Petersburg RUS"]
[Date "2000.11.02"]
[Round "3"]
[White "Deviatkin,A"]
[Black "Nadyrhanov,S"]
[Result "1/2-1/2"]
[WhiteElo "2394"]
[BlackElo "2532"]

1.e4 c5 2.c3 Nf6 3.e5 Nd5 4.d4 cxd4 5.Qxd4 e6 6.Nf3 Nc6 7.Qe4 Qc7 8.Bd3 f5
9.Qe2 b6 10.O-O Bb7 11.a3 Nde7 12.Nbd2 Ng6 13.Nc4 Be7 14.Nd6+ Bxd6 15.exd6 Qxd6
16.Bxf5 Nce7 17.Be4 Qc7 18.Bg5 O-O 19.Rad1 Nf4 20.Qe3 Neg6 21.Rd4 e5 22.Bxf4 Nxf4
23.Nxe5 Rae8 24.Bxb7 Rxe5 25.Rxf4 Rxe3 26.fxe3 Rxf4  1/2-1/2

[Event "Chigorin Mem"]
[Site "St Petersburg RUS"]
[Date "2000.11.04"]
[Round "4"]
[White "Dolzhikova,O"]
[Black "Kirusha,A"]
[Result "1/2-1/2"]
[WhiteElo "2223"]
[BlackElo "2338"]

1.e4 c5 2.c3 Nf6 3.e5 Nd5 4.Nf3 Nc6 5.Na3 e6 6.Nc4 d6 7.exd6 Bxd6 8.Nxd6+ Qxd6
9.d4 cxd4 10.Nxd4 Qe5+ 11.Qe2 Qxe2+ 12.Nxe2 e5 13.g3 Be6 14.Bg2 O-O-O 15.Bd2 Rd7
16.O-O-O Nf6 17.b3 Ng4 18.Be1 Rxd1+ 19.Kxd1 Rd8+ 20.Kc1 Nf6 21.h3 Nd7 22.Bd2 Nc5
23.Be3 Nd3+ 24.Kb1 Bf5 25.Ka1 Kc7 26.Rd1 Bg6 27.Nc1 Ndb4 28.Rxd8 Nc2+ 29.Kb2 Nxe3
30.Bxc6 Kxd8 31.Bf3 e4 32.Be2 Nf5 33.c4 Ke7 34.Kc3 Ke6 35.b4 Ke5 36.Nb3 Ne7
37.Nd4 f5 38.f4+ exf3 39.Bxf3 b6 40.Nc6+ Nxc6 41.Bxc6 Bf7 42.a4 Be6 43.h4 Kd6
44.Bg2 Bd7 45.a5 bxa5 46.c5+ Ke5 47.bxa5 Bb5 48.Bb7 g6 49.Kb4 Bd3 50.Kc3 Be4
51.a6 Bd5 52.Kd3 h6 53.Kc3 Bf7 54.Bc6 Be6 55.Bb7 Ba2 56.Ba8 Bb1 57.Bb7 g5
58.hxg5 hxg5 59.Kd2 Ba2 60.Kd3 Bd5 61.Kc3 Bf7 62.Bc6 Bh5 63.Kd3 Bg4 64.Bg2 Bd1
65.Bc6 Bb3 66.Kc3 Ba2 67.Ba8 Bb1 68.Bb7 Ba2 69.Ba8 Bf7 70.Bc6 Bg6 71.Kc4 Bh5
72.Kd3 Bf7 73.Kc3 Bg6 74.Kc4 Bh5 75.Kd3  1/2-1/2

[Event "Chigorin Mem"]
[Site "St Petersburg RUS"]
[Date "2000.11.05"]
[Round "5"]
[White "Melamed,T"]
[Black "Olenin,N"]
[Result "0-1"]
[WhiteElo "2305"]
[BlackElo "2408"]

1.e4 c5 2.c3 Nf6 3.e5 Nd5 4.Nf3 Nc6 5.Na3 g6 6.Qb3 Nb6 7.d4 cxd4 8.cxd4 Bg7
9.Bf4 d5 10.exd6 O-O 11.d5 Nxd5 12.Qxd5 Bxb2 13.Nc2 Nb4 14.Nxb4 Bxa1 15.Be2 Bc3+
16.Bd2 Be6 17.Qd3 Bxd2+ 18.Qxd2 Qxd6 19.Qxd6 exd6 20.Nd4 Rac8 21.Kd2 Rc5
22.Bf3 Bc4 23.Re1 Re5 24.Rc1 d5 25.a3 Rd8 26.Nbc2 Rd6 27.Rb1 Re7 28.Ne3 Ra6
29.Ndc2 b6 30.Kc3 Rc7 31.Kd4 Ra5 32.Rb2 Kf8 33.Rb4 Rac5 34.a4 Rd7 35.Na3 Ke7
36.Nb5 a5 37.Rb2 Bxb5 38.Rxb5 Rxb5 39.axb5 a4 40.Nxd5+ Ke6 41.Kc4 a3 42.Nc3 Ke5
43.Kb3 Rd3 44.Kc4 Rd2 45.Kb3 Kd4 46.Ne2+ Kc5 47.Kxa3 Kc4 48.h4 h5 49.Ng3 Kxb5
50.Ne4 Rd4 51.Kb3 f5 52.Nc3+ Kc5 53.Na4+ Kd6 54.Nxb6 Rxh4 55.Nc4+ Ke6 56.Kc3 Rf4
57.Nd2 Ra4 58.g3 Ra1 59.Kd3 Re1 60.Be2 Kf6 61.f4 Rh1 62.Ke3 Rh3 63.Kf2 h4
64.gxh4 Rxh4 65.Kg3 Rh8 66.Nf3 Ra8 67.Ng5 Ra3+ 68.Bf3 Ke7 69.Nh7 Rb3 70.Ng5 Rb6
71.Kg2 Kd6 72.Kg3 Kc5 73.Nf7 Kd4 74.Ne5 Ra6 75.Nc6+ Ke3 76.Nb4 Ra7 77.Nd5+ Kd4
78.Kh4 Ra3 79.Bg2 Ra2 80.Bf3  0-1

[Event "Chigorin Mem"]
[Site "St Petersburg RUS"]
[Date "2000.11.05"]
[Round "5"]
[White "Potkin,V"]
[Black "Aseev,K"]
[Result "1/2-1/2"]
[WhiteElo "2420"]
[BlackElo "2554"]

1.e4 c5 2.c3 Nf6 3.e5 Nd5 4.d4 cxd4 5.Nf3 Nc6 6.cxd4 d6 7.Bc4 Nb6 8.Bb5 dxe5
9.Nxe5 Bd7 10.Nxd7 Qxd7 11.Nc3 e6 12.O-O Rc8 13.Be3 a6 14.Be2 Be7 15.a3 O-O
16.Qb3 Nd5 17.Nxd5 exd5 18.Bf3 Rfd8 19.Qb6 Bd6 20.Rfd1 Bb8 21.Rac1 Bc7 22.Qb3 Na5
23.Qd3 Nc4 24.Rc2 Nxe3 25.fxe3 Bb8 26.Rdc1 Rxc2 27.Rxc2 g6 28.Rc5 Qe6 29.Qb3 Bf4
30.Rc3 Bg5 31.Kf2 b6 32.Qa4 a5 33.Ke2 Kg7 34.Qc6 Rd6 35.Qc8 Qe7 36.Qc7 Qe6
37.h3 h5 38.b4 axb4 39.axb4 Bf6 40.Kd2 Bg5 41.Ke2 Rd7 42.Qc6 Ra7 43.Bxd5 Qf5
44.Be4 Ra2+ 45.Rc2 Rxc2+ 46.Bxc2 Qe6 47.Qc3 f5 48.d5+ Qf6 49.Qxf6+ Kxf6 50.Ba4 Ke7
51.Kd3 h4  1/2-1/2

[Event "Chigorin Mem"]
[Site "St Petersburg RUS"]
[Date "2000.11.05"]
[Round "5"]
[White "Deviatkin,A"]
[Black "Dolmatov,S"]
[Result "1/2-1/2"]
[WhiteElo "2394"]
[BlackElo "2608"]

1.e4 c5 2.c3 Nf6 3.e5 Nd5 4.d4 cxd4 5.Qxd4 e6 6.Nf3 Nc6 7.Qe4 f5 8.Qe2 Qc7
9.g3 b5 10.Bg2 a5 11.O-O Ba6 12.Rd1 Bc5 13.Nd4 b4 14.Nb5 Qb6 15.c4 Bxb5 16.cxb5 Nd4
17.Qd3 O-O 18.Bxd5 exd5 19.Be3 Nf3+ 20.Kg2 Bxe3 21.Qxd5+ Kh8 22.fxe3 Ng5
23.Nd2 Qxe3 24.Re1 Qb6 25.Nc4 Qh6 26.Nd6 f4 27.gxf4 Ne6 28.Nf7+ Rxf7 29.Qxa8+ Rf8
30.Qb7 Nxf4+ 31.Kh1 Qe6 32.Qe4 g5 33.Rf1 Rb8 34.Rad1 Rxb5 35.Rxf4 gxf4 36.Qxf4 Rxe5  1/2-1/2

[Event "34th Olympiad Women"]
[Site "Istanbul TUR"]
[Date "2000.11.06"]
[Round "9"]
[White "Shukurova,M"]
[Black "Grabics,M"]
[Result "1/2-1/2"]
[WhiteElo "2255"]
[BlackElo "2363"]

1.e4 c5 2.c3 Nf6 3.e5 Nd5 4.d4 cxd4 5.Nf3 Nc6 6.Bc4 Nb6 7.Bb3 d5 8.exd6 Qxd6
9.O-O Be6 10.Na3 dxc3 11.Nb5 Qxd1 12.Rxd1 Rc8 13.Bxe6 fxe6 14.Nxc3 h6 15.Re1 Kf7
16.Re4 Nd5 17.Bd2 Nf6 18.Re2 g5 19.Rae1 g4 20.Ne5+ Nxe5 21.Rxe5 Rc6 22.Nb5 Nd7
23.R5e4 Bg7 24.Nd4 Bxd4 25.Rxd4 Rd6 26.Rf4+ Nf6 27.Bc3 h5 28.f3 gxf3 29.Rxf3 Rg8
30.h3 Rd5 31.Ref1 e5 32.Be1 Ke6 33.Bh4 Rg6 34.Ra3 Rd2 35.Rf2 Ne4 36.Rxd2 Nxd2
37.Be1 Nc4 38.Rxa7 Ne3 39.Kf2 Nd1+ 40.Kg1 Ne3  1/2-1/2